| 000 | 01566cam a22003854a 4500 | ||
|---|---|---|---|
| 001 | 16517435 | ||
| 005 | 20110103112810.0 | ||
| 008 | 101025s2010 nyua b 001 0 eng | ||
| 010 | _a 2010283355 | ||
| 015 |
_aGBB069694 _2bnb |
||
| 016 | 7 |
_a015571692 _2Uk |
|
| 020 | _a0071713387 (hbk.) | ||
| 020 | _a9780071713382 (hbk.) | ||
| 035 | _a(OCoLC)ocn640078081 | ||
| 040 |
_aUKM _cUKM _dBTCTA _dYDXCP _dC#P _dCDX _dVP@ _dDLC |
||
| 042 | _alccopycat | ||
| 043 | _an-us--- | ||
| 050 | 0 | 0 |
_aTD899.C5885 _bW55 2010 |
| 082 | 0 | 4 |
_a690.0286 _222 _bWIN |
| 100 | 1 |
_aWinkler, Greg. _923115 |
|
| 245 | 1 | 0 |
_aRecycling Construction & Demolition Waste : _bA LEED-Based Toolkit / _cGreg Winkler. |
| 246 | 3 | _aRecycling construction and demolition waste | |
| 260 |
_aNew York : _bMcGraw-Hill Professional, 2010 _cc2010. |
||
| 300 |
_axvii, 233 p. : _bill. ; _c25 cm. |
||
| 490 | 1 |
_aMcGraw-Hill's greensource series _923116 |
|
| 500 | _a"A GreenSource book"--Cover. | ||
| 504 | _aIncludes bibliographical references and index. | ||
| 650 | 0 |
_aConstruction and demolition debris _xRecycling. _923117 |
|
| 650 | 0 |
_aConstruction and demolition debris _xRecycling _zUnited States. _923118 |
|
| 653 |
_bCiv _cApril2011 |
||
| 830 | 0 |
_aMcGraw-Hill's GreenSource series. _923119 |
|
| 942 |
_2ddc _cBB |
||
| 999 |
_c15125 _d15125 |
||